Teoría de la justicia y la metaética contemporánea (Registro nro. 504)
[ vista simple ]
| 000 -LEADER | |
|---|---|
| fixed length control field | 01285 a2200217 4500 |
| 001 - CONTROL NUMBER | |
| control field | 12748 |
| 005 - DATE AND TIME OF LATEST TRANSACTION | |
| control field | 20260407155440.0 |
| 008 - FIXED-LENGTH DATA ELEMENTS--GENERAL INFORMATION | |
| fixed length control field | 260407a2007 arg spa d |
| 003 - CONTROL NUMBER IDENTIFIER | |
| control field | AR-UNSa-BCEJYS |
| 040 ## - CATALOGING SOURCE | |
| Original cataloging agency | AR-UNSa-BCEJYS |
| Language of cataloging | spa |
| Transcribing agency | AR-UNSa-BCEJYS |
| 080 ## - UNIVERSAL DECIMAL CLASSIFICATION NUMBER | |
| Universal Decimal Classification number | 340.12 |
| Common auxiliary subdivision | Tendencias en la teoría del derecho. Escuelas, doctrinas jurídicas. Filosofía del derecho. Teorías sobre el Estado y el derecho<br/> |
| 020 ## - INTERNATIONAL STANDARD BOOK NUMBER | |
| International Standard Book Number | 978-987-03-0983-3 |
| 100 1# - MAIN ENTRY--PERSONAL NAME | |
| Personal name | Barbarosch, Eduardo |
| 245 10 - TITLE STATEMENT | |
| Title | Teoría de la justicia y la metaética contemporánea |
| 264 #1 - PRODUCTION, PUBLICATION, DISTRIBUTION, MANUFACTURE, AND COPYRIGHT NOTICE | |
| Place of production, publication, distribution, manufacture | Buenos Aires : |
| Name of producer, publisher, distributor, manufacturer | Universidad de Buenos Aires. Facultad de Derecho |
| Date of production, publication, distribution, manufacture, or copyright notice | 2007 |
| 300 ## - PHYSICAL DESCRIPTION | |
| Extent | xii, 115 p. |
| Dimensions | 24 cm. |
| 505 ## - FORMATTED CONTENTS NOTE | |
| Formatted contents note | 1. La tensión entre la metaética y la normativa - 2. El problema metaético en las teorías de la justicia - 3. El problema de la libertad y de la igualdad en las distintas concepciones de justicia - 4. La libertad positiva y la libertad negativa - 5. Justicia y derecho - 6. El Comunitarismo y el realismo moral metaético - 7. La metaética y su influencia en las teorías de la justicia. |
| 590 ## - LOCAL NOTE (RLIN) | |
| Local note | niveau_biblio:m niveau_hierar:0 |
| 856 41 - ELECTRONIC LOCATION AND ACCESS | |
| Uniform Resource Identifier | <a href="https://biblioeco.unsa.edu.ar/pmb/images/libros/Teoria de la justicia y la metaetica contemporanea-l117343.jpg">https://biblioeco.unsa.edu.ar/pmb/images/libros/Teoria de la justicia y la metaetica contemporanea-l117343.jpg</a> |
| Link text | Imagen de portada |
| Electronic format type | image/jpeg |
| 942 ## - ADDED ENTRY ELEMENTS (KOHA) | |
| Koha item type | |
| Withdrawn status | Lost status | Damaged status | Not for loan | Home library | Current library | Shelving location | Date acquired | Total checkouts | Full call number | Barcode | Date last seen | Price effective from | Koha item type |
|---|---|---|---|---|---|---|---|---|---|---|---|---|---|
| Biblioteca Prof. Eusebio Cleto del Rey | Biblioteca Prof. Eusebio Cleto del Rey | 07/04/2026 | 340.12 B228 | L117343 | 07/04/2026 | 07/04/2026 | Libro | ||||||
| Biblioteca Prof. Eusebio Cleto del Rey | Biblioteca Prof. Eusebio Cleto del Rey | 07/04/2026 | 340.12 B228 | L118604 | 07/04/2026 | 07/04/2026 | Libro |